| 000 | 00722nam a2200277 a 4500 | ||
|---|---|---|---|
| 003 | AR-BaBNM | ||
| 005 | 20251128205042.0 | ||
| 008 | 082120s2002 ||||||||||||||000 | spa|| | ||
| 020 | _a987-95492-2-8 | ||
| 040 | _cAR-BaBNM | ||
| 100 | 1 | _aRamallo, Jorge María | |
| 245 | 0 | 0 | _aHistoria del sable de San Martín |
| 250 | _a2ª ed. aum. y corr. | ||
| 260 |
_aBuenos Aires _bInstituto Nacional Sanmartiniano _c1995 |
||
| 300 | _a177 p. | ||
| 504 | _aFuentes y bibliografía: p. 171-174 | ||
| 600 | 1 | 4 | _aSan Martín, José de |
| 650 | 4 | _aHISTORIA | |
| 650 | 4 | _aGUERRAS DE LA INDEPENDENCIA | |
| 650 | 4 | _aARMAS | |
| 651 | 4 | _aPerú | |
| 651 | 4 | _aChile | |
| 651 | 4 | _aArgentina | |
| 942 | _cBK | ||
| 998 | _cMariana | ||
| 999 |
_c9790 _d9790 |
||